Fr. Conceicao Rodrigues College of Engineering

Data science and Big data analytics (Record no. 22788)

MARC details
000 -LEADER
fixed length control field 00267nam a2200133Ia 4500
100 ## - MAIN ENTRY--PERSONAL NAME
Personal name EMC
245 ## - TITLE STATEMENT
Title Data science and Big data analytics
260 ## - PUBLICATION, DISTRIBUTION, ETC.
Name of publisher, distributor, etc. Wiley
Date of publication, distribution, etc. 2015
366 ## - TRADE AVAILABILITY INFORMATION
Publishers's discount category 10
300 ## - PHYSICAL DESCRIPTION
Extent 410
546 ## - LANGUAGE NOTE
Language note ENGLISH
654 ## - SUBJECT ADDED ENTRY--FACETED TOPICAL TERMS
Focus term data science
942 ## - ADDED ENTRY ELEMENTS (KOHA)
Koha item type Reference Book
Holdings
Withdrawn status Lost status Damaged status Not for loan Collection Home library Current library Date acquired Source of acquisition Cost, normal purchase price Inventory number Total Checkouts Full call number Barcode Date last seen Cost, replacement price Price effective from Koha item type
        CRC Fr. Agnel's C.Rodrigues College of Engineering AGNEL TECHNICAL COLLEGE LIBRARY 17/03/2023 Readers World 4428.00 325 dt 30.07.2022   25910 16/11/2023 4920.00   Reference Book